000 00284nam a2200121Ia 4500
008 190216s9999||||xx |||||||||||||| ||und||
100 _aVarshney P N
245 0 _aBanking Law And Practise
260 _bSulthan Chand&Sons
_c1982
300 _a450p
650 _aEconomics
942 _cBK
999 _c9509
_d9509